pays d'europe en fonction de leur capitales - Statistiques

Statistiques générales
  • Ce quiz a été pris 65 fois
  • Le résultat moyen est 41 sur 45
Statistiques - réponses
Hint Réponse % Correct
andorre-la-vieille andorre
100%
athènes grèce
100%
amsterdam pays bas
100%
berlin allemagne
98%
berne suisse
98%
madrid espagne
96%
paris france
96%
dublin irlande
96%
rome italie
96%
luxembourg luxembourg
96%
monaco monaco
96%
oslo norvège
96%
lisbonne portugal
96%
moscou russie
96%
stockholm suède
96%
vatican vatican
96%
vienne autriche
95%
bruxelles belgique
95%
bucarest roumanie
95%
londres royaume uni
95%
saint marin saint marin
95%
kiev ukraine
95%
zagreb croatie
93%
copenhague danemark
93%
helsinki finlande
93%
budapest hongrie
93%
reykjavik islande
93%
prague république tchèque
91%
bratislava slovaquie
89%
ljubljana slovénie
89%
tirana albanie
86%
sofia bulgarie
86%
varsovie pologne
86%
minsk biélorussie
84%
tallinn estonie
84%
riga lettonie
84%
vilnius lituanie
84%
la valette malte
84%
pristina kosovo
81%
belgrade serbie
81%
skopje macédoine du nord
77%
sarajevo bosnie-herzégovine
75%
vaduz liechtenstein
75%
chisinau moldavie
75%
podgorica monténégro
75%
Aucun quiz correspondant
Distribution des résultats
% des personnes avec chaque résultat
Percentile par nombre de réponses
Votre historique - résultats
Vous n’avez pas pris ce quiz